• 首页
  • 本馆介绍
  • 公告通知
  • 最新文献
  • 馆藏检索
  • 电子资源
  • 读者导购
  • 参考咨询
  • 我的图书馆
  • 登录
  • 详细信息显示
  • 放入我的书架
  • 预约/预借图书
  • 作者相关作品
  • 分类相关作品
  • 丛书相关作品
  • 出版社相关作品

书目信息

  • 表格格式
  • 工作单格式
  • 卡片格式
题名:
华北事变资料选编
    
 
作者: ;南开大学马列主义教研室 , 中共党史教研组 编
分册:  
出版信息: 郑州   河南人民出版社  1983
页数: 563页
开本: 19cm
丛书名:
单 册:
中图分类: K264.33
科图分类:
主题词: 华北事变(1935)
电子资源:
ISBN:
000 00772nam0 2200241 45
001 0183003674
005 20050419164746.6
010    @dCNY2.00
091    @a11105.63
100    @a19950421d1983 em y0chiy0121 ea
101 0  @achi
102    @aCN@b410000
105    @ay z 000yy
200 10 @a华北事变资料选编@Ahua bei shi bian zi liao xuan bian@f南开大学马列主义教研室,中共党史教研组编@FNan Kai Da Xue Ma Lie Zhu Yi Jiao Yan Shi,Zhong Gong Dang Shi Jiao Yan Zu Bian
210    @a郑州@c河南人民出版社@d1983
215    @a563页@d19cm
606 0  @a华北事变(1935)
690    @aK264.33@v3
711 02 @a南开大学马列主义教研室@4编
711 02 @a中共党史教研组@4编
801  0 @aCN@b上海图书馆@c20031217
801  2 @aCN@bNLC@c20031217
905    @dK264.33@e15@b176952@f1
    
    华北事变资料选编/南开大学马列主义教研室,中共党史教研组编.-郑州:河南人民出版社,1983
    563页;19cm
    
    
    ISBN :CNY2.00
    
●
相关链接 在E读中查询图书 在五车中查询图书 在当当中查询图书 在豆瓣中查询图书


正题名:华北事变资料选编     索取号:K264.33/15         预约/预借

序号 登录号 条形码 馆藏地/架位号 状态 备注
1 0100418   001660385   密集书库/ [索取号:K264.33/15] 在馆    
2 0100419   001660349   密集书库/ [索取号:K264.33/15] 在馆    
3 0100420   000353138   第二样本阅览室/ [索取号:K264.33/15] 在馆    
4 0176952   002033980   第二借阅区/ [索取号:K264.33/15] 在馆    
5 0176953   000353156   第二借阅区/ [索取号:K264.33/15] 在馆    
6 0176954   000353147   第二借阅区/ [索取号:K264.33/15] 在馆    
欢迎您!
大连网信软件有限公司© 版权所有